02346njm a2200325 c 4500001000200000003000900002005001700011008002900028015000600057017000900063020001800072035000600090040002500096082002800121084000900149100003500158240001200193245016000205260005500365300002700420490003600447500004200483504000600525520118700531534009401718650005401812651005701866700005301923710004401976 DO-SdBNP20240319134703.0160127s2013 mx d spa a  a b  a9786071616456 a  aBPMSUbspacBPMSUe  4a320.972bL561e 2013222 a 2 1 aLempériére, Annick. d 4 10a n r 10a Entre Dios y el rey :b la república, la ciudad de México de los siglos XVI al XIX /c Annick Lempériére ; traducción Hernández Pérez Vertti aMéxico :bFondo de Cultura Econonómica, c2013 a395 p. ;c23 cm.b e 0 aSección de obras de historia  a Incluye bibliografías e índice.  a  aMéxico ejerció un atractivo singular, hecho de fascinación y terror, sobre varios escritores anglosajones notables del siglo XX. Pero sólo en Malcolm Lowry la mezcla de la vida y la obra alcanza abismos en verdad infernales, volcánicos, como hay tantos en la geografía mexicana. Los devotos lectores de Bajo el volcán (1947) -sin exageración, una de las cumbres literarias del siglo XX- supieron siempre que aquella novela magistral escondía claves personales que pedían una biografía definitiva que las revelara. Nadie mejor que Gordon Bowker para escribirla. Biógrafo de Orwell y Durrell y compilador editorial de Lowry, Bowker explora con detalle acucioso, a partir de fuentes y testimonios hasta ahora desconocidos, y con una sensibilidad a un tiempo cuidadosa y descarnada, el laberinto existencial de Lowry: el insensato suicidio al que orilló a un amigo de la juventud y la estela de culpa; el alcoholismo agresivo; sus dos matrimonios; la pérdida de sus manuscritos; el incendio de su casa; su tránsito por ciudades, prisiones, cantinas y sanatorios; su torturada relación con médicos, editores, familiares, doctores; su misteriosa muerte.  pTítulo original : tEntre Dieu et le roi, la République : Mexico, XVIe-XIXe siècles 4aPolítica xHistoria ySiglos XVI-XIXzMéxico  4a México xPolítica y gobierno y Siglos XVI-XIX1 a Hernández Vertti, Ivette etr.d t m n r 2 aFondo de Cultura Económica (México)